Augmented reality principles and practice
Guardado en:
| Autores principales: | , |
|---|---|
| Formato: | Libro |
| Lenguaje: | inglés |
| Publicado: |
Boston
Addison-Wesley
2016
|
| Materias: | |
| Etiquetas: |
Sin Etiquetas, Sea el primero en etiquetar este registro!
|
MARC
| LEADER | 00000nam a22000003a 4500 | ||
|---|---|---|---|
| 001 | 0022371 | ||
| 005 | 20170227101534.0 | ||
| 007 | ta | ||
| 008 | 061127s2017----xxkalo-er-------1---eng-d | ||
| 020 | |a 978-0-3211-88357-5 | ||
| 040 | |a STU |b slo | ||
| 041 | 0 | |a eng |h eng | |
| 100 | 1 | |a Schmalstieg, Dieter |4 aut |r Z6 | |
| 245 | 1 | |a Augmented reality |b principles and practice | |
| 260 | |a Boston |b Addison-Wesley |c 2016 | ||
| 300 | |a 496 s. | ||
| 650 | 7 | |a virtuálna realita |2 estusub |7 unknown*stus2656 | |
| 650 | 7 | |a rozšírená realita |7 unknown*0021188 | |
| 700 | 1 | |a Hollerer, Tobias |r Z6 |4 aut | |
| 996 | |b 8325 |c I* 8325 |l II680 |s A |a 24 |w 0022371_0001 | ||